| 000 | 00444nam a22001817a 4500 | ||
|---|---|---|---|
| 003 | MPLRDC | ||
| 005 | 20220104143658.0 | ||
| 008 | 210129b ||||| |||| 00| 0 eng d | ||
| 020 | _a957-583-899-8 | ||
| 082 | _a781 HART | ||
| 100 | _aMICHAEL H.HART | ||
| 245 |
_a影响世界历史100位名人 _c赵梅 等译 |
||
| 250 | _a初版 | ||
| 260 |
_a _b晨星 _c2000 |
||
| 300 | _b平 | ||
| 650 | _a世界名人合传 | ||
| 942 |
_cBK _o781 HART |
||
| 999 |
_c42271 _d42261 |
||